| 000 | 00655nam a2200217Ia 4500 | ||
|---|---|---|---|
| 999 |
_c35623 _d35623 |
||
| 001 | 1490 | ||
| 003 | GE_BSU | ||
| 005 | 20221115101246.0 | ||
| 008 | 181216s2006||||enk|||||||||||||| ||eng|| | ||
| 020 | _a0321434315x | ||
| 040 | _cGE_BSU | ||
| 041 | _aeng | ||
| 080 | _a327 G-60 | ||
| 100 |
_aColdstein, S. Joshua _915803 |
||
| 245 |
_aInternational relations : _bBrief 2006-2007 edition / _cJoshua S. Goldstein, Jon C. Pevehouse. |
||
| 264 |
_aNew York, _c2006. |
||
| 300 |
_a424 p.; _b24 cm. |
||
| 653 | _aსაერთაშორისო კავშირები | ||
| 700 |
_aPevehouse, Jon C. _eავტორი _915804 |
||
| 942 |
_cBK _2udc |
||